000 00820nam a2200265 i 4500
001 bg
100 1 _aHODFIELD, Jill
245 1 0 _aReadings games :
_ba collection of reading games and activities for intermediate and advanced students of English /
_cJill and Charles Hadfield.
250 _a5th impr.
260 _aLondon [etc.] :
_bLongman,
_c1999.
300 _aXXVI, [118] :
_bfot., rys. ;
_c30 cm.
504 _aIndeks.
650 9 _aJęzyk angielski
_xnauczanie
650 9 _aCzytanie
_xnauczanie
650 9 _aGry i zabawy umysłowe
_xstosowanie
_xnauczanie
655 _aPodręczniki
700 1 _aHODFIELD, Charles
020 _a017556891X
040 _cBPK
041 0 _aen
080 _a811.111(07):372:793
920 _a0-17-556891-X
942 _cKS
008 s pl f |000 0 pol
999 _c38531
_d38531
856 _uhttp://koha.tu.koszalin.pl/cgi-bin/koha/opac-detail.pl?biblionumber=38531
_yKatalog online BPK